Echo resonans, Oder, Cherubinisch, Seraphinisches auf Erden widerhallendes Lob=Gesang Dasd ist: Demuetigst=verplichte hoechst=schuldigste Lob= und Ehren=Rede/ An die Allerheiligste/ unbegreiffliche/ unzertheilte Dreyfaltigkeit/ In welcher Das irdischen Wissenschafften verhuelte/ unermessentliche/ und unergruendliche Geheimnuß der Allerheiligsten Drey=Einigen Gottheit ... als einen Echo woderhallenden Lobn=Gesang entworffen An dem hohen Titular=Fest deß Barfuesser=Ordens Der Allerheiligst. Dreyfaltigkei Vo Erloesung deren gefangenen Christen/ in eigener Closter=Kircvhen zu Groß=Comoren vbor Zahl=reicher Gegenwart ...

Bibliographic Details
Main Author: Fabriš, Anton (Author)
Other Authors: Royer, Ján Pavol, 1684-1736 (Printer)
Format: Book
Language:German
PhysicalDescription:10 strán 20 cm
Published: Preßburg Gedruckt bey Johann Paul Royer 1734
Subjects:

MARC

LEADER 00000cam a2200000 a 4500
001 vtls008633728
003 SK-MaSNL
005 20260302075027.0
008 210201 1734 xo a 000 0 ger
015 |a SNBHFA1734 
035 |a 31DCDE22-E552-4E1D-B862-D8D3283544E6 
035 |a urn:nbn:sk:snk-am3if52 
035 |a urn:nbn:sk:snk-am00e7y0 
040 |a SNKHF  |b slo  |c SNKHF  |e AACR2 
041 |a ger 
044 |a xo  |c SK 
072 7 |a 2  |x Náboženstvo  |2 konspekt 
072 7 |a 27-46/-48  |x Pastorálna teológia  |2 konspekt 
080 |a 2-475.5  |2 2011 
080 |a 27-475.5  |2 2011 
100 1 |a Fabriš, Anton  |4 aut  |9 741348 
245 1 |a Echo resonans, Oder, Cherubinisch, Seraphinisches auf Erden widerhallendes Lob=Gesang  |b Dasd ist: Demuetigst=verplichte hoechst=schuldigste Lob= und Ehren=Rede/ An die Allerheiligste/ unbegreiffliche/ unzertheilte Dreyfaltigkeit/ In welcher Das irdischen Wissenschafften verhuelte/ unermessentliche/ und unergruendliche Geheimnuß der Allerheiligsten Drey=Einigen Gottheit ... als einen Echo woderhallenden Lobn=Gesang entworffen An dem hohen Titular=Fest deß Barfuesser=Ordens Der Allerheiligst. Dreyfaltigkei Vo Erloesung deren gefangenen Christen/ in eigener Closter=Kircvhen zu Groß=Comoren vbor Zahl=reicher Gegenwart ...  |c So abgeredet der Edle und Tugendsame Juengling Antonius Fabris, Hung. Comaromiens. Sup. Clas. Grammar. Studiosus 
260 |a Preßburg  |b Gedruckt bey Johann Paul Royer  |c 1734 
300 |a 10 strán  |c 20 cm 
500 |a Vlys, ozdobná iniciála, koncová vineta, zložky, kustody 
610 2 7 |a Rímskokatolícka cirkev  |2 SNKPH  |9 32394 
610 2 7 |a Trinitári  |2 SNKPH  |9 255145 
650 0 7 |a kázne  |2 SNKPH  |9 1954 
700 1 |a Royer, Ján Pavol,  |d 1684-1736  |4 prt  |9 54021 
752 |a Slovensko  |d Bratislva 
852 |a snk  |p SD 13179 
958 |a DD 
958 |a ONDV 
999 |c 1167527  |d 1169457 
952 |a SNK  |b SNK  |y PREZ  |7 0  |p 17A0500678  |o snkSD 13179  |i snk3251/57  |3 rekatalogizácia  |0 0  |1 0  |4 0  |d 2006-03-22  |f 1  |l 0  |r 2025-11-26 00:00:00  |w 2026-02-24